Материалы для истории раскола за первое время его существования, издаваемые редакцией "Братского слова". Т. 7: Историко- и догматико-полемические сочинения первых расколоучителей (Запись № 5432813)

Подробности
000 -МАРКЕР
контрольное поле 01769nam2a22003251 4500
001 - ИДЕНТИФИКАТОР ЗАПИСИ
контрольное поле v19\rc\1463874
005 - ИДЕНТИФИКАТОР ВЕРСИИ
контрольное поле 20260406093002.0
035 ## - ДРУГИЕ СИСТЕМНЫЕ НОМЕРА
Идентификатор записи (NLR Aleph) 005213472
100 ## - ДАННЫЕ ОБЩЕЙ ОБРАБОТКИ
Данные общей обработки 20060620d1885 |||y0rusy50 ca
101 0# - ЯЗЫК РЕСУРСА
Язык текста, звукозаписи и т.д. русский
102 ## - СТРАНА ПУБЛИКАЦИИ ИЛИ ПРОИЗВОДСТВА
Страна публикации Российская Федерация
105 ## - ПОЛЕ КОДИРОВАННЫХ ДАННЫХ: ТЕКСТОВЫЕ МАТЕРИАЛЫ, МОНОГРАФИЧЕСКИЕ
Кодированные данные о монографическом текстовом документе y z |||||
200 1# - ЗАГЛАВИЕ И СВЕДЕНИЯ ОБ ОТВЕТСТВЕННОСТИ
Основное заглавие Историко- и догматико-полемические сочинения первых расколоучителей
Обозначение и номер части Ч. 4
Наименование части "Христианоопасный щит веры", Челобитная и другие сочинения инока Аврамия
210 ## - ПУБЛИКАЦИЯ, РАСПРОСТРАНЕНИЕ И ДР.
Дата издания, распространения и т.д. 1885
Место издания, распространения и т.д. Б. м.
215 ## - ФИЗИЧЕСКАЯ ХАРАКТЕРИСТИКА
Специфическое обозначение материала и объем XXX, 434 с.
461 #0 - УРОВЕНЬ НАБОРА
Встроенное поле 001v19\rc\1463867
-- 2001#$aМатериалы для истории раскола за первое время его существования, издаваемые редакцией "Братского слова"$vТ. 7
Системный номер (АБИС) связанной записи 3865974
Место публикации Москва
Дата публикации 1875-1895
Заглавие Материалы для истории раскола за первое время его существования, издаваемые редакцией "Братского слова"
Номер тома Т. 7
702 #0 - ИМЯ ЛИЦА - ВТОРИЧНАЯ ОТВЕТСТВЕННОСТЬ
Код отношения Составитель
Графика поля Кириллица
Материалы, к которым относится поле rus
Начальный элемент ввода Авраамий
Дополнения к именам, кроме дат Афанасий
-- инок-старообрядец
Даты -1672
Системный номер авторитетной/нормативной записи 2650096
Идентификатор авторитетной/нормативной записи RU\NLR\AUTH\770278129
702 #1 - ИМЯ ЛИЦА - ВТОРИЧНАЯ ОТВЕТСТВЕННОСТЬ
Код отношения Редактор
Графика поля Кириллица
Материалы, к которым относится поле rus
Начальный элемент ввода Субботин
Часть имени, кроме начального элемента ввода Н. И.
Дополнения к именам, кроме дат писатель
Даты 1827-1905
Расширение инициалов личного имени Николай Иванович
Системный номер авторитетной/нормативной записи 47589
Идентификатор авторитетной/нормативной записи RU\NLR\AUTH\7764660
801 #2 - ИСТОЧНИК ЗАПИСИ
Страна Российская Федерация
Организация NLR
Дата составления 20080524
Источник данных rusmarc
801 #0 - ИСТОЧНИК ЗАПИСИ
Страна Российская Федерация
Организация NLR
Дата составления 20060620
Правила каталогизации psbo
801 #0 - ИСТОЧНИК ЗАПИСИ
Страна Российская Федерация
Организация RuMoRGB
Дата составления 20060620
Источник данных psbo
801 #1 - ИСТОЧНИК ЗАПИСИ
Страна Российская Федерация
Организация ProSoft-M
Дата составления 20060620
Источник данных rusmarc
852 ## - МЕСТОНАХОЖДЕНИЕ И ШИФР ХРАНЕНИЯ
Идентификатор организации NLR
Шифр хранения (Call Number) 18.106.7.44(7)
852 ## - МЕСТОНАХОЖДЕНИЕ И ШИФР ХРАНЕНИЯ
Идентификатор организации NLR
Шифр хранения (Call Number) 133/2710(7)
852 ## - МЕСТОНАХОЖДЕНИЕ И ШИФР ХРАНЕНИЯ
Идентификатор организации NLR
Наименование фонда или коллекции (Sub-Location Identifier) Мф
Шифр хранения (Call Number) К1/16639(7)
852 ## - МЕСТОНАХОЖДЕНИЕ И ШИФР ХРАНЕНИЯ
Идентификатор организации NLR
Наименование фонда или коллекции (Sub-Location Identifier) Мф
Шифр хранения (Call Number) К-1/10828
942 ## - ДОПОЛНИТЕЛЬНЫЕ ЭЛЕМЕНТЫ ЗАПИСИ (АБИС)
Тип экземпляра АБИС Книга
980 ## - КОЛЛЕКЦИЯ
Название коллекции Национальная библиография
Экземпляры
Тип экземпляра Дата поступления Библиотека постоянного хранения Библиотека текущего хранения Место хранения Шифр хранения Штрих-код Статус экземпляра
Книга 26.10.2013 РНБ (Московский) РНБ (Московский) Фонд микроформ Мф К1/16639(7) 5213472-30  
Книга 26.10.2013 РНБ (Московский) РНБ (Московский) Фонд микроформ Мф К-1/10828 5213472-60  
Книга 26.10.2013 РНБ (Садовая) РНБ (Садовая) Русский книжный фонд -Главное здание, Ленинский читальный зал 18.106.7.44(7) 1-3725113  
Книга 26.10.2013 РНБ (Садовая) РНБ (Садовая) Русский книжный фонд -Главное здание, Ленинский читальный зал 133/2710(7) 5213472-20